| 000 | 00659ngm a22002295a 4500 | ||
|---|---|---|---|
| 001 | 11623027 | ||
| 005 | 20180226034614.0 | ||
| 007 | v| |||||| | ||
| 008 | 930831s1992 xxu vleng | ||
| 010 | _a 93512032 | ||
| 017 |
_aPA602-729 _bU.S. Copyright Office |
||
| 040 |
_aDLC _cDLC _eamim |
||
| 041 | _aeng | ||
| 080 | _a617 FRI | ||
| 082 | _2617 FRI | ||
| 100 | _a5 | ||
| 101 | _aKIR | ||
| 245 | 0 | 0 |
_a perspectives in plastic surgery. _pPrimary rhinoplasty: malposition of the alar cartilages. |
| 740 | 0 | _aPrimary rhinoplasty: malposition of the alar cartilages. | |
| 906 |
_a0 _bibc _corignew _du _encip _f19 _gy-movingim |
||
| 942 |
_2ddc _cBK |
||
| 999 |
_c43399 _d43399 |
||